00616nam a2200145Ia 4500008004100000050002800041100002600069245009700095260008600192300002800278521002700306942000700333999001900340952011100359140724s9999 xx 000 0 und d aQA 76.9.S88b.R886 2013 aRoxas, Arveen Anne D. aHuman resource information system of Riscor Engineering Consultancy /cArveen Anne D. Roxas. aLas Piñas, Philippines :bSouthville International School and Colleges,cc2013. a84 p. :bill. ;c28 cm. aInformation Technology cTH c229177d229177 001040aCLbCLcTHESESd2014-07-24l0oQA 76.9.S88 .R886 2013pT0531r2018-05-15 00:00:00w2014-07-24yTH